Giúp ôn tập tốt toán cao cấp Dành cho sinh viên các trường Đại học Kỹ thuật
Đã lưu trong:
| Príomhúdar: | |
|---|---|
| Formáid: | Leabhar |
| Teanga: | Undetermined |
| Foilsithe: |
Hà Nội
ĐHQG
2000
|
| Ábhair: | |
| Clibeanna: |
Cuir Clib Leis
Gan Chlibeanna, Bí ar an gcéad duine leis an taifead seo a chlibeáil!
|
| Thư viện lưu trữ: | Trung tâm Học liệu Trường Đại học Cần Thơ |
|---|
| LEADER | 00615nam a2200181Ia 4500 | ||
|---|---|---|---|
| 001 | CTU_47985 | ||
| 008 | 210402s9999 xx 000 0 und d | ||
| 082 | |a 515.076 | ||
| 082 | |b Gi521/T2 | ||
| 100 | |a Lê Ngọc Lăng ...[et al.] | ||
| 245 | 0 | |a Giúp ôn tập tốt toán cao cấp | |
| 245 | 0 | |b Dành cho sinh viên các trường Đại học Kỹ thuật | |
| 245 | 0 | |c Lê Ngọc Lăng ...[et al.] | |
| 260 | |a Hà Nội | ||
| 260 | |b ĐHQG | ||
| 260 | |c 2000 | ||
| 650 | |a mathematical analysis - problems, exercises, etc. | ||
| 980 | |a Trung tâm Học liệu Trường Đại học Cần Thơ | ||